01585nam a2200265uu 4500001000800000005001700008008004100025020001800066035001200084035002100096040001300117041000800130082000800138100003300146245018600179260003600365300001700401490002000418520071100438650002701149650003201176650003201208650004301240700003601283116883620260507134828.0090914s2008 spa  a9788496834781 a1168836 a(OCoLC)777277216 ccomduadb aspa 4a80110aCompagnon, Antoine4auteaut10aPara que sirve la literatura : leccion inaugural de la cátedra de la literatura francesa moderna y contemporanea del College de France , leçida el jueves 30 de noviembre de 2006 aBarcelona :bAcantilado,c2008. a72 páginas0 aCuadernos ;v313 a"RESUMEN : Junto a la pregunta teórica o histórica: "¿Qué es literatura?", se plantea hoy de manera acuciante una pregunta crítica y política: "¿Para qué sirve la literatura?" ¿Qué valor le conceden la sociedad y la cultura contemporáneas? ¿Qué utilidad tiene? ¿Qué rol debe jugar? ¿Por qué defender su presencia en la escuela? "Mi fe en el futuro de la literatura? escribió Ítalo Calvino? consiste en saber que hay cosas que sólo ella puede darnos". ¿Para qué sirve la literatura? _fue la lección inaugural de Compagnon en su cátedra en el Collège de France, leída el 30 de noviembre de 2006. Una reflexión franca sobre los usos y el poder de la literatura." aPoder de la literatura 7aLiteratura y sociedad2lemb aInfluencia de la literatura 7aLiteraturaxHistoria y crítica2lemb10aArranz Lazaro, Manuel4trletrl